Качество подземных вод зоны активного водообмена в районе города Даугавпилс; Проблемы геологии и освоения недр; Т. 1

Podrobná bibliografie
Parent link:Проблемы геологии и освоения недр: труды XVII Международного симпозиума имени академика М. А. Усова студентов и молодых ученых, Томск, 1-5 апреля 2013 г./ Национальный исследовательский Томский политехнический университет (ТПУ), Институт природных ресурсов (ИПР) ; Общество инженеров-нефтяников, Студенческий чаптер ; под ред. А. Ю. Дмитриева.— , 2013
Т. 1.— 2013.— [С. 525-527]
Hlavní autor: Гридасов А. Г. Александр Геннадьевич
Korporativní autor: Национальный исследовательский Томский политехнический университет (ТПУ) Институт природных ресурсов (ИПР) Кафедра гидрогеологии, инженерной геологии и гидрогеоэкологии (ГИГЭ)
Shrnutí:Заглавие с экрана
Jazyk:ruština
Vydáno: 2013
Edice:Гидрогеохимия и гидрогеоэкология земли. Геоинформационные системы в гидрогеоэкологии
Témata:
On-line přístup:http://www.lib.tpu.ru/fulltext/c/2013/C11/V1/265.pdf
Médium: Elektronický zdroj Kapitola
KOHA link:https://koha.lib.tpu.ru/cgi-bin/koha/opac-detail.pl?biblionumber=619055

MARC

LEADER 00000naa2a2200000 4500
001 619055
005 20231101133036.0
035 |a (RuTPU)RU\TPU\conf\17459 
035 |a RU\TPU\conf\2067 
090 |a 619055 
100 |a 20160801d2013 k y0rusy50 ca 
101 0 |a rus 
102 |a RU 
105 |a y z 100zy 
135 |a argn ---uucaa 
181 0 |a i  
182 0 |a b 
200 1 |a Качество подземных вод зоны активного водообмена в районе города Даугавпилс  |f А. Г. Гридасов 
203 |a Текст  |c электронный 
225 1 |a Гидрогеохимия и гидрогеоэкология земли. Геоинформационные системы в гидрогеоэкологии 
230 |a 1 компьютерный файл (pdf; 609 Кб) 
300 |a Заглавие с экрана 
320 |a [Библиогр.: с. 527 (3 назв.)] 
337 |a Adobe Reader 
461 1 |0 (RuTPU)RU\TPU\conf\37  |t Проблемы геологии и освоения недр  |o труды XVII Международного симпозиума имени академика М. А. Усова студентов и молодых ученых, Томск, 1-5 апреля 2013 г.  |o в 2 т.  |f Национальный исследовательский Томский политехнический университет (ТПУ), Институт природных ресурсов (ИПР) ; Общество инженеров-нефтяников, Студенческий чаптер ; под ред. А. Ю. Дмитриева  |d 2013 
463 1 |0 (RuTPU)RU\TPU\conf\38  |t Т. 1  |v [С. 525-527]  |d 2013 
610 1 |a труды учёных ТПУ 
610 1 |a электронный ресурс 
610 1 |a качество 
610 1 |a подземные воды 
610 1 |a водообмен 
610 1 |a Латвия 
610 1 |a гидрогеологические условия 
610 1 |a хозяйственно-питьевое водоснабжение 
700 1 |a Гридасов  |b А. Г.  |c гидрогеолог  |c ассистент кафедры Томского политехнического университета  |g Александр Геннадьевич  |2 stltpush  |3 (RuTPU)RU\TPU\pers\36272 
712 0 2 |a Национальный исследовательский Томский политехнический университет (ТПУ)  |b Институт природных ресурсов (ИПР)  |b Кафедра гидрогеологии, инженерной геологии и гидрогеоэкологии (ГИГЭ)  |h 100  |2 stltpush  |3 (RuTPU)RU\TPU\col\18664 
801 2 |a RU  |b 63413507  |c 20230316  |g RCR 
856 4 |u http://www.lib.tpu.ru/fulltext/c/2013/C11/V1/265.pdf 
942 |c BK